000 00266nam a2200097Ia 4500
001 1144776
005 20250827010220.0
008 250824s9999 xx 000 0 und d
245 0 _aBÖYLE ŞEYLER FİLİMLERDE OLUR
_cİSMAİL KILIÇARSLAN
260 _bKETEBE YAYINLARI
999 _c1144776
_d1144776